000 00872nam a2200265Ia 4500
001 Para_8576
003 CHAP
008 220125s9999 xx 000 0 und d
010 _a207387
040 _cCHAP
082 _aPA-C 595.752 A6
100 _aDavidson, J.
_9171040
245 _aBiological studies of aphis rumícis linn, factor affecting the infestation of viciaa faba with aphis rumícis /
_c by J. Davidson
300 _a34 p.
440 _aAphidae; 23
_9173975
500 _aSobretiro de: Annals of Applied Biology, 12 (4): 472-507, 1925. Encuadernado con otros impresos similares
650 _a
_x Afididos
_x Colecciones de escritos
_x Aphis rumici
_9173979
901 _aPA-C 595.752 A6
902 _aA
905 _a000000 0000000000 00
910 _a
942 _cPARA
942 _cPARA
_d1
999 _c207387
_d207387